| 000 | 01085nam a22003137a 4500 | ||
|---|---|---|---|
| 003 | EG-GICUC | ||
| 005 | 20260121101155.0 | ||
| 008 | 251107s2009 ua ||||fr|||| 00| 0 ara d | ||
| 017 | _a2009/1907 | ||
| 020 | _a9784770459209 | ||
| 040 |
_a EG-GICUC _bara _c EG-GICUC _d EG-GICUC _erda |
||
| 041 | _aara | ||
| 082 | 0 | 4 |
_221 _a343.3070 _bر م . إ |
| 092 | 0 | 4 | _221 |
| 099 | _aLaw1 10 343.3070 2009 | ||
| 100 | 0 |
_aرمزى رياض عوض _eمؤلف. |
|
| 245 |
_aالإجراءات الجنائية فى القانون الأنجلو الأمريكي / _cرمزى رياض عوض |
||
| 264 |
_aالقاهرة : _bدار النهضة العربي , _c2009 . |
||
| 300 |
_a599صفحة; _c24 سم |
||
| 336 |
_2rda content _atext |
||
| 337 |
_2rda media _aComputer |
||
| 338 |
_2rda carrier _aOnline Resource |
||
| 546 | _aالنص باللغة العربية | ||
| 650 | 1 | _aقانون جنائي | |
| 650 | 1 | _aقانون الإجراءات الجنائية | |
| 856 | 4 | 0 | _uhttps://fll.law.cu.edu.eg/fulltext/bks/B10-05483.pdf |
| 905 |
_a44 _eYara |
||
| 942 |
_2ddc _cBK _e21 _n0 |
||
| 999 |
_c41687 _d41687 |
||